000 00259nam a2200121Ia 4500
100 _aKapoor/V.K
942 _cBK
654 _aOperation
245 _aOperation Research
260 _bSultan Chand & Sons
_aNewDelhi
_c1983
300 _a328
546 _aENGLISH
999 _c35523
_d35523